| 000 | 00445nam a2200181Ia 4500 | ||
|---|---|---|---|
| 001 | 7308 | ||
| 005 | 20260306160446.0 | ||
| 008 | 260306t2000||||xx |||||||||||||| ||spa|| | ||
| 041 | _aESP | ||
| 082 |
_a338.5 _bN29 |
||
| 100 |
_aNavarro Angeles, Oscar F. _eAUT |
||
| 245 | 0 | _aTeoría microeconómica I problemas resueltos | |
| 260 | _c2000 | ||
| 300 |
_a269 páginas : _c28 cm. |
||
| 650 | _aGEN | ||
| 654 | _aCAN | ||
| 942 |
_cLIB _dJUS _fJUS _2ddc _n |
||
| 999 |
_c7308 _d7308 |
||